| 000 | 00352nam a22001337a 4500 | ||
|---|---|---|---|
| 999 |
_c533748 _d533748 |
||
| 020 | _a978-0849305863 | ||
| 040 | _cMSOHAIL | ||
| 082 |
_a624.151028 _bOCO |
||
| 100 |
_a Kevin M O'Connor ; Charles H _927723 |
||
| 245 | _aGeoMeasurements by Pulsing TDR Cables and Probes | ||
| 260 |
_aIndia _bCRC Press; _cc1999 |
||
| 300 | _a402;pxv | ||
| 942 |
_2ddc _cBK |
||